<?xml version="1.0" encoding="UTF-8"?>
<record
    xmlns:xsi="http://www.w3.org/2001/XMLSchema-instance"
    xsi:schemaLocation="http://www.loc.gov/MARC21/slim http://www.loc.gov/standards/marcxml/schema/MARC21slim.xsd"
    xmlns="http://www.loc.gov/MARC21/slim">

  <leader>00888nam a22002297a 4500</leader>
  <controlfield tag="008">240702b        mp ||||| |||| 00| 0 mon d</controlfield>
  <datafield tag="035" ind1=" " ind2=" ">
    <subfield code="a">13165</subfield>
  </datafield>
  <datafield tag="040" ind1=" " ind2=" ">
    <subfield code="a">SU1322070</subfield>
    <subfield code="b">mon</subfield>
    <subfield code="c">MN-UlNLM</subfield>
    <subfield code="d">MN-UlNLM</subfield>
    <subfield code="e">rda</subfield>
  </datafield>
  <datafield tag="041" ind1=" " ind2=" ">
    <subfield code="a">mon</subfield>
  </datafield>
  <datafield tag="042" ind1=" " ind2=" ">
    <subfield code="a">40522</subfield>
  </datafield>
  <datafield tag="084" ind1=" " ind2=" ">
    <subfield code="2">NNA</subfield>
    <subfield code="a">28.693.3</subfield>
    <subfield code="b">&#x410;-35</subfield>
  </datafield>
  <datafield tag="100" ind1=" " ind2=" ">
    <subfield code="a">&#x410;&#x439;&#x433;&#x43D;&#x44D;&#x440; &#x42D;.</subfield>
  </datafield>
  <datafield tag="245" ind1=" " ind2="0">
    <subfield code="a">&#x4AE;&#x43B;&#x44D;&#x433; &#x433;&#x4AF;&#x440;&#x432;&#x44D;&#x43B;&#x4AF;&#x4AF;&#x434;</subfield>
  </datafield>
  <datafield tag="264" ind1=" " ind2=" ">
    <subfield code="a">&#x423;&#x43B;&#x430;&#x430;&#x43D;&#x431;&#x430;&#x430;&#x442;&#x430;&#x440;</subfield>
    <subfield code="b">Admon</subfield>
  </datafield>
  <datafield tag="300" ind1=" " ind2=" ">
    <subfield code="a">10&#x445;.</subfield>
  </datafield>
  <datafield tag="336" ind1=" " ind2=" ">
    <subfield code="2">rdacontent</subfield>
    <subfield code="a">text</subfield>
    <subfield code="b">txt</subfield>
  </datafield>
  <datafield tag="337" ind1=" " ind2=" ">
    <subfield code="2">rdamedia</subfield>
    <subfield code="a">unmediated</subfield>
    <subfield code="b">n</subfield>
  </datafield>
  <datafield tag="338" ind1=" " ind2=" ">
    <subfield code="2">rdacarrier</subfield>
    <subfield code="a">volume</subfield>
    <subfield code="b">nc</subfield>
  </datafield>
  <datafield tag="490" ind1=" " ind2=" ">
    <subfield code="a">&#x425;&#x4AF;&#x4AF;&#x445;&#x434;&#x438;&#x439;&#x43D; &#x442;&#x430;&#x43D;&#x438;&#x43D; &#x43C;&#x44D;&#x434;&#x44D;&#x445;&#x4AF;&#x439;&#x43D; &#x446;&#x443;&#x432;&#x440;&#x430;&#x43B;&#x430;&#x430;&#x441;</subfield>
  </datafield>
  <datafield tag="650" ind1=" " ind2=" ">
    <subfield code="a">&#x4AE;&#x43B;&#x44D;&#x433; &#x433;&#x4AF;&#x440;&#x432;&#x44D;&#x43B;&#x4AF;&#x4AF;&#x434; &#x42D;&#x440;&#x442;&#x44D;&#x44D; &#x443;&#x440;&#x44C;&#x434; &#x446;&#x430;&#x433;&#x442; &#x44D;&#x43D;&#x44D; &#x434;&#x44D;&#x43B;&#x445;&#x438;&#x439;  &#x434;&#x44D;&#x44D;&#x433;&#x4AF;&#x4AF;&#x440; &#x430;&#x432;&#x430;&#x440;&#x433;&#x430; &#x442;&#x43E;&#x43C; &#x430;&#x43C;&#x44C;&#x442;&#x430;&#x434; &#x44D;&#x43D;&#x434; &#x442;&#x44D;&#x43D;&#x434;&#x433;&#x4AF;&#x439; &#x445;&#x4E9;&#x43B;&#x445;&#x4E9;&#x43D; &#x430;&#x43C;&#x44C;&#x434;&#x430;&#x440;&#x447; &#x431;&#x430;&#x439;&#x441;&#x430;&#x43D; &#x433;&#x44D;&#x43D;&#x44D;. &#x422;&#x438;&#x439;&#x43D;&#x445;&#x4AF;&#x4AF; &#x430;&#x43C;&#x44C;&#x434;&#x430;&#x440;&#x447; &#x431;&#x430;...</subfield>
  </datafield>
  <datafield tag="942" ind1=" " ind2=" ">
    <subfield code="2">NNA</subfield>
    <subfield code="c">BK</subfield>
  </datafield>
  <datafield tag="952" ind1=" " ind2=" ">
    <subfield code="0">0</subfield>
    <subfield code="1">0</subfield>
    <subfield code="4">0</subfield>
    <subfield code="6">286933_&#x410;35</subfield>
    <subfield code="7">0</subfield>
    <subfield code="8">SU1324</subfield>
    <subfield code="a">SU1322070</subfield>
    <subfield code="b">SU1322070</subfield>
    <subfield code="c">SU1324</subfield>
    <subfield code="d">2024-07-05</subfield>
    <subfield code="l">0</subfield>
    <subfield code="o">28.693.3  &#x410;-35</subfield>
    <subfield code="p">SU13213165-4-2</subfield>
    <subfield code="r">2024-07-05</subfield>
    <subfield code="t">37671</subfield>
    <subfield code="y">BK</subfield>
  </datafield>
  <datafield tag="999" ind1=" " ind2=" ">
    <subfield code="c">1070761</subfield>
    <subfield code="d">1070818</subfield>
  </datafield>
</record>
